Families of periodic delay orbits
We construct and analyze families of periodic delay orbits for a class of delay differential equations in two dimensions depending on two real-valued functions. These families are parametrized by the delay parameter. It is possible to represent the dependency of these periodic delay orbits on the de...
Saved in:
| Main Authors: | , , |
|---|---|
| Format: | Article (Journal) |
| Language: | English |
| Published: |
24 July 2024
|
| In: |
Journal of differential equations
Year: 2024, Volume: 410, Pages: 1-23 |
| ISSN: | 1090-2732 |
| DOI: | 10.1016/j.jde.2024.07.021 |
| Online Access: | Verlag, kostenfrei, Volltext: https://doi.org/10.1016/j.jde.2024.07.021 Verlag, kostenfrei, Volltext: https://www.sciencedirect.com/science/article/pii/S0022039624004431 |
| Author Notes: | Peter Albers, Philipp Aretz, Irene Seifert |
MARC
| LEADER | 00000caa a2200000 c 4500 | ||
|---|---|---|---|
| 001 | 1908765097 | ||
| 003 | DE-627 | ||
| 005 | 20241205220817.0 | ||
| 007 | cr uuu---uuuuu | ||
| 008 | 241115s2024 xx |||||o 00| ||eng c | ||
| 024 | 7 | |a 10.1016/j.jde.2024.07.021 |2 doi | |
| 035 | |a (DE-627)1908765097 | ||
| 035 | |a (DE-599)KXP1908765097 | ||
| 035 | |a (OCoLC)1475647255 | ||
| 040 | |a DE-627 |b ger |c DE-627 |e rda | ||
| 041 | |a eng | ||
| 084 | |a 27 |2 sdnb | ||
| 100 | 1 | |a Albers, Peter |d 1975- |e VerfasserIn |0 (DE-588)129903817 |0 (DE-627)483350362 |0 (DE-576)188953140 |4 aut | |
| 245 | 1 | 0 | |a Families of periodic delay orbits |c Peter Albers, Philipp Aretz, Irene Seifert |
| 264 | 1 | |c 24 July 2024 | |
| 300 | |b Illustrationen | ||
| 300 | |a 23 | ||
| 336 | |a Text |b txt |2 rdacontent | ||
| 337 | |a Computermedien |b c |2 rdamedia | ||
| 338 | |a Online-Ressource |b cr |2 rdacarrier | ||
| 500 | |a Gesehen am 15.11.2024 | ||
| 520 | |a We construct and analyze families of periodic delay orbits for a class of delay differential equations in two dimensions depending on two real-valued functions. These families are parametrized by the delay parameter. It is possible to represent the dependency of these periodic delay orbits on the delay parameter by a curve in the plane, without loss of information. It turns out that the singularities of these curves necessarily are cusps in the non-degenerate case. After discussing degenerate situations in general, we explain how to glue different families of periodic delay orbits at degeneracies in the delay parameter. | ||
| 700 | 1 | |a Aretz, Philipp |e VerfasserIn |4 aut | |
| 700 | 1 | |a Seifert, Irene |d 1993- |e VerfasserIn |0 (DE-588)1155950178 |0 (DE-627)1018508201 |0 (DE-576)501954945 |4 aut | |
| 773 | 0 | 8 | |i Enthalten in |t Journal of differential equations |d Orlando, Fla. : Elsevier, 1965 |g 410(2024), Artikel-ID 228-250, Seite 1-23 |h Online-Ressource |w (DE-627)266892566 |w (DE-600)1469173-5 |w (DE-576)103373209 |x 1090-2732 |7 nnas |a Families of periodic delay orbits |
| 773 | 1 | 8 | |g volume:410 |g year:2024 |g elocationid:228-250 |g pages:1-23 |g extent:23 |a Families of periodic delay orbits |
| 856 | 4 | 0 | |u https://doi.org/10.1016/j.jde.2024.07.021 |x Verlag |x Resolving-System |z kostenfrei |3 Volltext |
| 856 | 4 | 0 | |u https://www.sciencedirect.com/science/article/pii/S0022039624004431 |x Verlag |z kostenfrei |3 Volltext |
| 951 | |a AR | ||
| 992 | |a 20241115 | ||
| 993 | |a Article | ||
| 994 | |a 2024 | ||
| 998 | |g 1155950178 |a Seifert, Irene |m 1155950178:Seifert, Irene |d 910000 |d 950000 |d 950950 |e 910000PS1155950178 |e 950000PS1155950178 |e 950950PS1155950178 |k 0/910000/ |k 1/910000/950000/ |k 2/910000/950000/950950/ |p 3 |y j | ||
| 998 | |g 129903817 |a Albers, Peter |m 129903817:Albers, Peter |d 110000 |d 110400 |e 110000PA129903817 |e 110400PA129903817 |k 0/110000/ |k 1/110000/110400/ |p 1 |x j | ||
| 999 | |a KXP-PPN1908765097 |e 4615277091 | ||
| BIB | |a Y | ||
| SER | |a journal | ||
| JSO | |a {"person":[{"given":"Peter","role":"aut","family":"Albers","display":"Albers, Peter"},{"display":"Aretz, Philipp","role":"aut","family":"Aretz","given":"Philipp"},{"given":"Irene","role":"aut","family":"Seifert","display":"Seifert, Irene"}],"origin":[{"dateIssuedDisp":"24 July 2024","dateIssuedKey":"2024"}],"language":["eng"],"relHost":[{"type":{"media":"Online-Ressource","bibl":"periodical"},"pubHistory":["1.1965 -"],"recId":"266892566","physDesc":[{"extent":"Online-Ressource"}],"part":{"pages":"1-23","year":"2024","extent":"23","text":"410(2024), Artikel-ID 228-250, Seite 1-23","volume":"410"},"id":{"eki":["266892566"],"zdb":["1469173-5"],"issn":["1090-2732"]},"title":[{"title_sort":"Journal of differential equations","title":"Journal of differential equations"}],"note":["Gesehen am 16.07.13"],"disp":"Families of periodic delay orbitsJournal of differential equations","language":["eng"],"origin":[{"dateIssuedKey":"1965","dateIssuedDisp":"1965-","publisherPlace":"Orlando, Fla. ; New York, NY [u.a.] ; Orlando, Fla.","publisher":"Elsevier ; Academic Press ; Academic Press"}]}],"recId":"1908765097","physDesc":[{"noteIll":"Illustrationen","extent":"23 S."}],"name":{"displayForm":["Peter Albers, Philipp Aretz, Irene Seifert"]},"type":{"bibl":"article-journal","media":"Online-Ressource"},"note":["Gesehen am 15.11.2024"],"title":[{"title":"Families of periodic delay orbits","title_sort":"Families of periodic delay orbits"}],"id":{"eki":["1908765097"],"doi":["10.1016/j.jde.2024.07.021"]}} | ||
| SRT | |a ALBERSPETEFAMILIESOF2420 | ||